[Event "20th Heraklion IT Open 2017"]
[Site "Heraklion"]
[Date "2017.04.18"]
[Round "2"]
[White "Bras, Emanouel"]
[Black "Martorelli, Antonio"]
[Result "0-1"]
[WhiteElo "1898"]
[BlackElo "2220"]
[Annotator "TA"]
[PlyCount "78"]
[EventDate "2017.??.??"]
[EventType "swiss"]
[EventCountry "GRE"]
[SourceTitle "playchess.com"]
[Source "ChessBase"]
[SourceQuality "1"]

{[%evp 13,78,32,32,14,43,39,28,2,9,14,12,-3,-3,-11,-3,-8,-7,-19,-18,-31,-26,-31,-27,-39,-31,-67,-55,-99,-65,-55,0,-79,0,-10,0,0,0,-49,-50,-48,-50,-47,-44,-81,-64,-69,0,0,0,-12,0,0,0,0,0,0,16,0,0,0,0,-29984,-29985,-29988,-29989,-29988,-29979]} 1. d4 Nf6 2. c4 g6 3. Nc3 Bg7 4. e4 d6 5. f3 e5 6. dxe5 dxe5 7. Qxd8+ Kxd8 {LiveBook: 13 Games} 8. Bg5 {Nd5 is the strong threat. E80: King's Indian: Sämisch: Lines without early ...0-0} (8. Be3 c6 9. O-O-O+ Kc7 10. g3 Bf8 11. Bh3 Nbd7 12. Nge2 Bc5 13. Bxc5 Nxc5 14. Bxc8 Raxc8 15. Kc2 a5 16. b3 Nfd7 {0-1 (54) Cremisi,D (2148)-Zapata,A (2418) chess.com INT 2017}) 8... Nbd7 9. g3 c6 10. Bh3 {White has an edge.} Nc5 {White must now prevent ...Nd3+.} 11. O-O-O+ Kc7 12. Bxc8 Raxc8 $146 (12... Rhxc8 13. Nge2 a5 14. Be3 Nfd7 15. Kc2 Bf8 16. Nc1 Ne6 {½-½ (38) Papp,A (2085)-Gaal,E (2095) Hungary 2009}) 13. Nge2 Rcd8 14. Be3 Nfd7 15. Rd2 h5 {[%cal Bh7h5,Bh5h4][%mdl 32]} 16. Kc2 Bh6 17. Bxh6 Rxh6 18. Rhd1 a5 19. Nc1 h4 20. f4 Re8 21. Nb3 b6 (21... hxg3 $15 22. hxg3 exf4 23. gxf4 Rh4 24. Nxa5 Nb8) 22. Na4 (22. a3 $11 {keeps the balance.}) 22... Re7 (22... hxg3 $17 23. hxg3 exf4 24. Naxc5 Nxc5 25. Nxc5 bxc5 26. Rd7+ Kb6 27. Rxf7 Rh2+ 28. Rd2 fxg3 29. Rxh2 gxh2) 23. Naxc5 Nxc5 24. Nxc5 bxc5 $11 {[%mdl 4096] Endgame KRR-KRR} 25. Rd8 hxg3 26. hxg3 exf4 27. gxf4 Rh4 28. Ra8 {Threatens to win with Ra7+.} Rxe4 29. Ra7+ Kb8 ({Black should play} 29... Kb6 $15 30. Rdd7 Rh2+ 31. Kd3 {[#]} Rd4+ $1 {[%mdl 512]} 32. Rxd4 cxd4 33. Rxf7 Rxb2 34. Kxd4 Rxa2 35. c5+ Ka6) 30. Rxf7 {[%cal Rd1d8]} Rxc4+ 31. Kb3 {[%cal Rd1d8]} Rd4 32. Rxd4 cxd4 {KR-KR} 33. Kc4 Rh2 34. b3 Rd2 35. Kc5 d3 {[%cal Bd4d3,Bd3d2][%mdl 32] aiming for ...Rc2+.} 36. Kb6 {[%cal Rf7f8]} Kc8 {Strongly threatening ...Rc2.} 37. Kxc6 $2 {[%mdl 8192] [#]} (37. Rc7+ $11 Kd8 38. Rxc6) 37... Rc2+ {Black mates.} 38. Kb5 d2 ({Weaker is} 38... Rxa2 39. Rf6 $11) 39. Rf8+ Kd7 0-1

[Event "20th Heraklion IT Open 2017"]
[Site "Heraklion"]
[Date "2017.04.18"]
[Round "2"]
[White "Brokalakis - Gounaris, Christos"]
[Black "Lirindzakis, Timotheos"]
[Result "1/2-1/2"]
[WhiteElo "1773"]
[BlackElo "2177"]
[Annotator "TA"]
[PlyCount "52"]
[EventDate "2017.??.??"]
[EventType "swiss"]
[EventCountry "GRE"]
[SourceTitle "playchess.com"]
[Source "ChessBase"]
[SourceQuality "1"]

{[%evp 20,52,39,26,59,18,37,23,20,16,42,38,37,31,30,0,6,0,4,6,6,3,7,4,10,0,10,10,15,16,29,23,23,20,81]} 1. d4 Nf6 2. c4 e6 3. Nc3 Bb4 4. Qc2 O-O 5. a3 Bxc3+ 6. Qxc3 d5 7. Nf3 dxc4 8. Qxc4 b6 9. Bf4 {E36: Nimzo-Indian: Classical: 4...d5 5 a3} (9. Bg5 Ba6 10. Qa4 Qd7 11. Qc2 c5 12. dxc5 Rc8 13. Bxf6 gxf6 14. Rd1 Qe7 15. Qe4 Qxc5 16. e3 Bxf1 17. Kxf1 {½-½ (46) So,W (2770)-Nakamura,H (2787) Bilbao 2016}) 9... Nd5 10. Bg3 Ba6 11. Qc2 {LiveBook: 8 Games. White is slightly better.} c5 12. Rd1 $146 (12. e4 Bxf1 13. Rxf1 Ne7 14. O-O-O cxd4 15. Rxd4 {½-½ (31) Olszewski,M (2559)-Farago,I (2511) Nuremberg 2009}) 12... Nd7 13. dxc5 bxc5 ({But not} 13... Nxc5 $6 14. e4 Bxf1 15. Rxf1 $18) 14. e4 Bxf1 15. Kxf1 N5b6 {[%cal Bd5b6,Bb6d7,Bd7b8,Bb8c6,Bc6a5][%mdl 32]} 16. Bd6 Re8 17. Bxc5 Qc7 18. Rc1 Rac8 {[%cal Rc7c5]} 19. b4 Nxc5 20. bxc5 Nd7 {[%cal Rd7c5]} 21. c6 $36 {[%mdl 2048] White is more active.} Nb8 22. Qa4 Red8 23. g3 ({Much weaker is} 23. Nd4 Qd6 24. Ne2 (24. Rc4 $2 e5 25. c7 Rxc7 26. Rxc7 Qxc7 $17) 24... Nxc6 $17) 23... Nxc6 24. Kg2 Qa5 25. Qxa5 Nxa5 26. Rhd1 f6 (26... Rf8 $11) 1/2-1/2

[Event "20th Heraklion IT Open 2017"]
[Site "Heraklion"]
[Date "2017.04.18"]
[Round "2"]
[White "Pelantakis, Mihail"]
[Black "Fragiadakis, Emanouel"]
[Result "0-1"]
[WhiteElo "1737"]
[BlackElo "1827"]
[Annotator "NA"]
[PlyCount "96"]
[EventDate "2017.??.??"]
[EventType "swiss"]
[EventCountry "GRE"]
[SourceTitle "playchess.com"]
[Source "ChessBase"]
[SourceQuality "1"]
[TimeControl "40/5400+30:1800+30"]

1. d4 {[%emt 0:00:00]} Nf6 {[%emt 0:00:51]} 2. c4 {[%emt 0:00:00]} e6 {[%emt 0:00:03]} 3. Nf3 {[%emt 0:00:00]} b6 {[%emt 0:00:41]} 4. g3 {[%emt 0:00:09]} Ba6 {[%emt 0:00:14]} 5. b3 {[%emt 0:00:13]} Bb4+ {[%emt 0:00:09]} 6. Bd2 {[%emt 0:00:14]} Be7 {[%emt 0:00:05]} 7. Bg2 {[%emt 0:00:07]} c6 {[%emt 0:02:17]} 8. Bc3 {[%emt 0:00:18]} d5 {[%emt 0:00:21]} 9. Ne5 {[%emt 0:00:16]} Nfd7 {[%emt 0:00:15]} 10. Nxd7 {[%emt 0:00:09]} Nxd7 {[%emt 0:00:37]} 11. Nd2 {[%emt 0:00:18]} f5 {[%emt 0:11:02]} 12. O-O {[%emt 0:22:34]} O-O {[%emt 0:03:47]} 13. cxd5 {[%emt 0:15:22] E15: Queen's Indian: 4 g3 sidelines, 4 g3 Ba6 and 4 g3 Bb7 early deviations} (13. Bb2 Bd6 14. Rc1 Qe7 15. Nf3 Rac8 16. Rc2 Nf6 17. Ne5 Ne4 18. Qc1 Bb7 19. Nd3 Rfd8 20. c5 Bb8 {½-½ (29) Beliavsky,A (2605)-Kovalenko,I (2684) Puhajarve 2016}) 13... cxd5 {[%emt 0:01:32]} 14. Bb2 {[%emt 0:05:39]} Rc8 {[%emt 0:02:12]} 15. Re1 $146 {[%emt 0:04:24]} (15. Nf3 Bd6 16. Qd2 Nf6 17. Ne5 Ne4 18. Bxe4 dxe4 19. Rfd1 f4 20. e3 f3 {0-1 (43) Erkhembayar,D (2343)-Batchuluun,T (2391) Ulaanbaatar 2009}) 15... Bb4 {[%emt 0:05:40]} 16. a3 {[%emt 0:21:09]} Bc3 {[%emt 0:03:45]} 17. Bxc3 {[%emt 0:00:19]} Rxc3 {[%emt 0:00:05]} 18. Rc1 {[%emt 0:00:38]} Qc7 {[%emt 0:00:44]} 19. Nb1 {[%emt 0:04:42]} Rc6 {[%emt 0:07:27]} 20. Qd2 {[%emt 0:02:56]} Rc8 {[%emt 0:00:42]} 21. Rxc6 {[%emt 0:00:13]} Qxc6 {[%emt 0:00:05]} 22. Qe3 {[%emt 0:03:13]} Kf7 {[%emt 0:05:04]} 23. Bf3 {[%emt 0:10:13]} Qc2 {[%emt 0:05:23]} 24. Bh5+ {[%emt 0:02:04]} g6 {[%emt 0:02:15]} 25. Bf3 {[%emt 0:00:06]} Qb2 {[%emt 0:20:31]} 26. g4 {[%emt 0:02:12]} Nf6 {[%emt 0:00:58]} 27. gxf5 {[%emt 0:02:11]} exf5 {[%emt 0:07:10]} 28. Kf1 {[%emt 0:03:42]} h5 {[%emt 0:02:43]} 29. h4 {[%emt 0:00:36]} Qc2 {[%emt 0:02:51]} 30. a4 {[%emt 0:00:28]} Qc7 {[%emt 0:01:01]} 31. Qe5 {[%emt 0:00:32]} Qxe5 {[%emt 0:00:43]} 32. dxe5 {[%emt 0:00:16]} Ne4 {[%emt 0:00:01]} 33. Bxe4 {[%emt 0:00:45]} fxe4 {[%emt 0:00:15]} 34. Rd1 {[%emt 0:00:31]} Ke6 {[%emt 0:00:18]} 35. b4 {[%emt 0:00:28]} Bc4 {[%emt 0:00:47]} 36. Na3 {[%emt 0:00:31]} Kxe5 {[%emt 0:00:10]} 37. a5 {[%emt 0:00:29]} Bb3 {[%emt 0:02:11]} 38. Rb1 {[%emt 0:00:17]} Ba4 {[%emt 0:00:09]} 39. axb6 {[%emt 0:00:34]} axb6 {[%emt 0:00:05]} 40. Rb2 {[%emt 0:00:00]} Rc3 {[%emt 0:00:51]} 41. Nb1 {[%emt 0:00:49]} Rh3 {[%emt 0:02:41]} 42. Kg2 {[%emt 0:00:23]} Rxh4 {[%emt 0:04:05]} 43. Ra2 {[%emt 0:00:22]} Rg4+ {[%emt 0:05:07]} 44. Kh3 $19 {[%emt 0:01:20]} Bd7 {[%emt 0:01:04]} 45. Kh2 {[%emt 0:01:36]} Rh4+ {[%emt 0:01:05]} 46. Kg2 {[%emt 0:00:20]} Rg4+ {[%emt 0:05:11]} 47. Kh2 {[%emt 0:00:04]} Rf4 {[%emt 0:00:17]} 48. Kg2 {[%emt 0:00:27]} e3 {[%emt 0:01:40]} 0-1

[Event "20th Heraklion IT Open 2017"]
[Site "Heraklion"]
[Date "2017.04.18"]
[Round "2"]
[White "Kellner, Nikolaus"]
[Black "Lianeris, Andreas"]
[Result "0-1"]
[WhiteElo "1700"]
[BlackElo "1543"]
[Annotator "NA"]
[PlyCount "126"]
[EventDate "2017.??.??"]
[EventType "swiss"]
[EventCountry "GRE"]
[SourceTitle "playchess.com"]
[Source "ChessBase"]
[SourceQuality "1"]
[TimeControl "40/5400+30:1800+30"]

1. g4 {[%emt 0:00:00]} d5 {[%emt 0:01:31]} 2. h3 {[%emt 0:00:00]} e5 {[%emt 0:00:50]} 3. Bg2 {[%emt 0:00:00]} Nc6 {[%emt 0:00:39]} 4. Nc3 {[%emt 0:00:00]} Be6 {[%emt 0:00:54]} 5. d3 {[%emt 0:00:00]} h5 {[%emt 0:02:01]} 6. g5 {[%emt 0:00:23]} Nge7 {[%emt 0:01:57]} 7. h4 {[%emt 0:01:26]} Qd7 {[%emt 0:03:33]} 8. Nf3 {[%emt 0:02:50]} O-O-O {[%emt 0:02:17]} 9. Bd2 {[%emt 0:00:05]} Kb8 {[%emt 0:08:55]} 10. a3 {[%emt 0:01:10]} f6 {[%emt 0:05:18]} 11. gxf6 {[%emt 0:00:27]} gxf6 {[%emt 0:00:08]} 12. b4 {[%emt 0:00:07]} Rg8 {[%emt 0:02:30]} 13. Kf1 {[%emt 0:00:22]} Rg6 {[%emt 0:08:35]} 14. b5 {[%emt 0:00:55]} Nd4 {[%emt 0:02:20]} 15. a4 {[%emt 0:00:13]} Nc8 {[%emt 0:02:26]} 16. Ne1 {[%emt 0:15:02]} Qg7 {[%emt 0:27:55]} 17. e3 {[%emt 0:04:08]} Nf5 {[%emt 0:02:40]} 18. e4 {[%emt 0:01:20]} dxe4 {[%emt 0:08:37]} 19. Nxe4 {[%emt 0:00:12]} Be7 {[%emt 0:03:03]} 20. Bh3 {[%emt 0:02:31]} Rg8 {[%emt 0:06:07]} 21. Nf3 {[%emt 0:01:03]} Nd4 {[%emt 0:03:16]} 22. Bxe6 {[%emt 0:02:24]} Nxe6 {[%emt 0:00:24]} 23. Be3 {[%emt 0:01:11]} f5 {[%emt 0:01:21]} 24. Neg5 {[%emt 0:01:21]} f4 {[%emt 0:00:56]} 25. Nxe6 {[%emt 0:01:24]} Rxe6 {[%emt 0:00:07]} 26. Rg1 {[%emt 0:02:08]} Rg6 {[%emt 0:01:03]} 27. Rxg6 {[%emt 0:03:35]} Qxg6 {[%emt 0:00:11]} 28. Bd2 {[%emt 0:03:13]} Bc5 {[%emt 0:02:14]} 29. Ng5 {[%emt 0:00:52]} Be7 {[%emt 0:01:09]} 30. Nf3 {[%emt 0:02:54]} Qg2+ {[%emt 0:01:28]} 31. Ke2 {[%emt 0:00:41]} Rg3 32. Qh1 {[%emt 0:00:16]} Bf6 {[%emt 0:01:28]} 33. Qxg2 {[%emt 0:00:12]} Rxg2 {[%emt 0:00:06]} 34. Bc3 {[%emt 0:00:57]} Rg4 {[%emt 0:00:41]} 35. Rh1 {[%emt 0:00:34]} Ne7 {[%emt 0:00:42]} 36. Bxe5 {[%emt 0:00:19]} Bxe5 {[%emt 0:00:17]} 37. Nxe5 {[%emt 0:00:07]} f3+ {[%emt 0:00:16]} 38. Nxf3 {[%emt 0:01:36]} Rxa4 {[%emt 0:00:19]} 39. c4 {[%emt 0:00:24]} c6 {[%emt 0:01:00]} 40. Nd4 {[%emt 0:00:00]} cxb5 {[%emt 0:00:35]} 41. Nxb5 {[%emt 0:01:50]} Ra2+ {[%emt 0:00:40]} 42. Kf3 {[%emt 0:00:41]} a6 43. Re1 axb5 {[%emt 0:07:54]} 44. Rxe7 {[%emt 0:00:37]} bxc4 {[%emt 0:00:35]} 45. dxc4 {[%emt 0:00:05]} Rc2 {[%emt 0:00:38]} 46. Re4 {[%emt 0:00:39]} Kc7 {[%emt 0:03:43]} 47. Rd4 {[%emt 0:00:10]} Kc6 {[%emt 0:01:19]} 48. Ke3 {[%emt 0:00:34]} Kc5 {[%emt 0:02:14]} 49. f4 {[%emt 0:00:56]} Re2+ {[%emt 0:08:57]} 50. Kxe2 {[%emt 0:03:02]} Kxd4 {[%emt 0:00:15]} 51. Kf3 {[%emt 0:01:52]} Kxc4 {[%emt 0:09:15]} 52. f5 {[%emt 0:01:36]} Kd5 {[%emt 0:00:22]} 53. Kf4 {[%emt 0:00:10]} Kd6 {[%emt 0:00:43]} 54. Kg5 {[%emt 0:00:55]} Ke7 {[%emt 0:00:28]} 55. Kg6 {[%emt 0:01:33]} Kf8 {[%emt 0:00:22]} 56. Kxh5 {[%emt 0:00:52]} b5 {[%emt 0:00:44]} 57. Kg6 {[%emt 0:01:28]} b4 {[%emt 0:00:17]} 58. h5 {[%emt 0:00:04]} b3 {[%emt 0:00:31]} 59. h6 {[%emt 0:00:09]} Kg8 {[%emt 0:00:16]} 60. h7+ {[%emt 0:02:41]} Kh8 {[%emt 0:00:09]} 61. f6 {[%emt 0:00:38]} b2 {[%emt 0:00:07]} 62. f7 {[%emt 0:00:36]} b1=Q+ {[%emt 0:00:06]} 63. Kf6 {[%emt 0:00:43]} Qb4 {[%emt 0:01:28]} 0-1

[Event "20th Heraklion IT Open 2017"]
[Site "Heraklion"]
[Date "2017.04.18"]
[Round "2"]
[White "Solakidis, Panayotis"]
[Black "Dhruv Easwar"]
[Result "0-1"]
[WhiteElo "1428"]
[BlackElo "1753"]
[Annotator "NA"]
[PlyCount "84"]
[EventDate "2017.??.??"]
[EventType "swiss"]
[EventCountry "GRE"]
[SourceTitle "playchess.com"]
[Source "ChessBase"]
[SourceQuality "1"]
[TimeControl "40/5400+30:1800+30"]

1. d4 {[%emt 0:00:00]} Nf6 {[%emt 0:00:09]} 2. c4 {[%emt 0:00:00]} e6 {[%emt 0:00:23]} 3. Nf3 {[%emt 0:00:00]} d5 {[%emt 0:00:28]} 4. g3 {[%emt 0:00:00]} c5 {[%emt 0:00:48]} 5. cxd5 {[%emt 0:02:59]} Qxd5 {[%emt 0:00:57]} 6. Bg2 {[%emt 0:03:00]} Be7 {[%emt 0:02:10]} 7. O-O {[%emt 0:00:44]} O-O {[%emt 0:01:52]} 8. Nc3 {[%emt 0:00:56]} Qd8 {[%emt 0:00:28]} 9. Bf4 {[%emt 0:05:01]} Nc6 {[%emt 0:00:52]} 10. dxc5 {[%emt 0:02:52]} Bxc5 {[%emt 0:00:29]} 11. Ne5 {[%emt 0:01:14]} Nxe5 {[%emt 0:00:58]} 12. Bxe5 {[%emt 0:00:16]} Qe7 {[%emt 0:00:25]} 13. Qb3 {[%emt 0:01:28]} Ng4 {[%emt 0:03:23]} 14. Bf4 {[%emt 0:02:49]} Rd8 {[%emt 0:01:15]} 15. Ne4 {[%emt 0:02:50]} Bb6 {[%emt 0:01:12]} 16. h3 {[%emt 0:01:51]} e5 {[%emt 0:01:44]} 17. Bg5 {[%emt 0:03:49]} Nf6 {[%emt 0:00:19]} 18. Qf3 {[%emt 0:01:56]} Rd4 {[%emt 0:02:06]} 19. Bxf6 {[%emt 0:08:44]} gxf6 {[%emt 0:00:09]} 20. Nxf6+ {[%emt 0:00:10]} Kg7 {[%emt 0:00:10]} 21. Nd5 {[%emt 0:00:48]} Qd6 {[%emt 0:00:23]} 22. e3 {[%emt 0:04:19]} e4 {[%emt 0:02:06]} 23. Qf4 {[%emt 0:04:38]} Rxd5 {[%emt 0:01:13]} 24. Qxd6 {[%emt 0:00:06]} Rxd6 {[%emt 0:00:09]} 25. Bxe4 {[%emt 0:00:04]} Bxh3 {[%emt 0:00:09]} 26. Rfd1 {[%emt 0:00:20]} Rad8 {[%emt 0:00:45]} 27. Rxd6 {[%emt 0:00:16]} Rxd6 {[%emt 0:00:16]} 28. Bxb7 {[%emt 0:00:12]} Rd2 {[%emt 0:00:08]} 29. b3 {[%emt 0:01:31]} Bd8 {[%emt 0:00:26]} 30. a4 {[%emt 0:03:21]} Be6 {[%emt 0:02:52]} 31. Rb1 {[%emt 0:00:37]} Bf6 {[%emt 0:00:18]} 32. b4 {[%emt 0:01:45]} Ra2 {[%emt 0:00:31]} 33. Bc6 {[%emt 0:03:26]} Bc3 {[%emt 0:01:43]} 34. a5 {[%emt 0:04:39]} Bf5 {[%emt 0:02:36]} 35. e4 {[%emt 0:05:45]} Be6 {[%emt 0:00:25]} 36. Bb7 {[%emt 0:04:42]} Ra4 {[%emt 0:00:44]} 37. Bd5 {[%emt 0:01:02]} Bxd5 {[%emt 0:01:50]} 38. exd5 {[%emt 0:00:11]} Bxb4 {[%emt 0:00:36]} 39. a6 {[%emt 0:01:25]} Bd6 {[%emt 0:01:20]} 40. Rb7 {[%emt 0:00:00]} Bc5 {[%emt 0:00:47]} 41. d6 {[%emt 0:03:31]} Rxa6 {[%emt 0:00:31]} 42. d7 {[%emt 0:02:02]} Rd6 {[%emt 0:00:15]} 0-1

[Event "20th Heraklion IT Open 2017"]
[Site "Heraklion"]
[Date "2017.04.18"]
[Round "2"]
[White "Vitsaxaki, Iris"]
[Black "Lampadariou, Nikolaos"]
[Result "0-1"]
[WhiteElo "1345"]
[BlackElo "1948"]
[Annotator "NA RC"]
[PlyCount "109"]
[EventDate "2017.??.??"]
[EventType "swiss"]
[EventCountry "GRE"]
[SourceTitle "playchess.com"]
[Source "ChessBase"]
[SourceQuality "1"]
[TimeControl "40/5400+30:1800+30"]

1. d4 {[%emt 0:00:00]} Nf6 {[%emt 0:17:23]} 2. Nf3 {[%emt 0:00:01]} g6 {[%emt 0:00:46]} 3. e3 {[%emt 0:01:52]} Bg7 {[%emt 0:00:36]} 4. Nbd2 {[%emt 0:00:28]} O-O {[%emt 0:00:26]} 5. Bd3 {[%emt 0:00:46]} d6 {[%emt 0:01:38]} 6. O-O {[%emt 0:00:27]} Nbd7 {[%emt 0:02:21]} 7. b3 {[%emt 0:00:52] A48: 1 d4 Nf6 2 Nf3 g6: Torre, London and Colle Systems} b6 {[%emt 0:06:05]} 8. Bb2 {[%emt 0:00:24]} Bb7 {[%emt 0:00:10]} 9. Re1 {[%emt 0:07:53]} c5 {[%emt 0:06:53]} 10. c4 {[%emt 0:05:44]} e6 {[%emt 0:07:16]} 11. Qc2 {[%emt 0:04:06]} Rc8 $146 {[%emt 0:04:01]} (11... Qc7 12. Rac1 a6 13. Bf1 Rfe8 14. Qb1 e5 15. d5 Bc8 16. e4 Nh5 17. g3 Ndf6 {1-0 (38) Alexikov,A (2315)-Polyakov,M (2405) Lutsk 2017}) 12. Ne4 {[%emt 0:03:20]} Nxe4 {[%emt 0:04:12]} 13. Bxe4 {[%emt 0:00:16]} d5 {[%emt 0:01:21]} 14. Bd3 {[%emt 0:00:50]} dxc4 {[%emt 0:02:19]} 15. bxc4 {[%emt 0:00:59]} cxd4 {[%emt 0:10:30]} 16. Nxd4 {[%emt 0:06:57]} Nc5 {[%emt 0:05:11]} 17. Be2 {[%emt 0:02:02]} Be4 {[%emt 0:02:59]} 18. Qd1 {[%emt 0:02:02]} Qg5 {[%emt 0:06:01]} 19. Bf3 {[%emt 0:07:10]} e5 {[%emt 0:03:02]} 20. Bxe4 {[%emt 0:02:00]} exd4 {[%emt 0:00:58]} 21. exd4 {[%emt 0:02:12]} Nxe4 {[%emt 0:00:19]} 22. Rxe4 {[%emt 0:00:12]} Rxc4 {[%emt 0:00:26]} 23. Qe2 {[%emt 0:00:45]} Qd5 {[%emt 0:01:16]} 24. Rd1 {[%emt 0:02:27]} b5 {[%emt 0:01:00]} 25. Rd3 {[%emt 0:18:14]} Rc2 {[%emt 0:02:25]} 26. Qxc2 {[%emt 0:06:25]} Qxe4 {[%emt 0:00:07]} 27. Qd1 {[%emt 0:00:23]} Qd5 {[%emt 0:01:56]} 28. Qb3 {[%emt 0:01:37]} Rd8 {[%emt 0:01:03]} 29. Qxd5 {[%emt 0:03:16]} Rxd5 {[%emt 0:00:09]} 30. Kf1 {[%emt 0:00:50]} a5 {[%emt 0:01:55]} 31. Ke2 {[%emt 0:02:38]} f5 {[%emt 0:02:10]} 32. a3 {[%emt 0:09:17]} Kf7 {[%emt 0:01:10]} 33. Bc3 {[%emt 0:01:28]} a4 {[%emt 0:00:32]} 34. Ke3 {[%emt 0:04:12]} Bf8 {[%emt 0:01:24]} 35. Bb4 {[%emt 0:00:42]} Bh6+ {[%emt 0:03:26]} (35... Bxb4 $17 36. axb4 Ke6) 36. Ke2 {[%emt 0:01:25]} Bg7 {[%emt 0:00:07]} 37. Bc5 {[%emt 0:01:08]} Bf6 {[%emt 0:00:18]} 38. Ke3 {[%emt 0:00:39]} Bg5+ {[%emt 0:01:15]} 39. Ke2 {[%emt 0:00:11]} Ke6 {[%emt 0:01:14]} 40. g3 {[%emt 0:00:00]} Rd7 {[%emt 0:01:12]} 41. f4 {[%emt 0:04:48]} Bd8 {[%emt 0:11:14]} 42. Re3+ {[%emt 0:04:55]} Kd5 {[%emt 0:00:55]} 43. Kd3 {[%emt 0:00:20]} Bc7 {[%emt 0:00:23]} 44. Re7 $2 {[%emt 0:05:14]} (44. Re8 $14 {keeps the upper hand.}) 44... Rxe7 {[%emt 0:02:07]} 45. Bxe7 {[%emt 0:00:09]} Bb6 {[%emt 0:03:12]} 46. Bf6 {[%emt 0:02:43]} h5 {[%emt 0:01:20]} ({And not} 46... b4 47. axb4 a3 48. Kc3 $11) 47. Bg7 {[%emt 0:01:58]} Bd8 {[%emt 0:01:40]} ({Weaker is} 47... b4 48. axb4 a3 49. Kc3 $11) 48. Bf8 {[%emt 0:07:43]} Bb6 {[%emt 0:00:21]} 49. Bc5 {[%emt 0:05:16]} Ba5 {[%emt 0:05:27]} 50. Ba7 $2 {[%emt 0:02:34]} (50. Be7 Be1 51. Bf6) 50... b4 {[%emt 0:01:31]} 51. Bc5 {[%emt 0:01:41]} b3 {[%emt 0:01:21]} 52. Ba7 {[%emt 0:01:17]} Be1 {[%emt 0:02:57]} 53. Bc5 {[%emt 0:01:02]} Bf2 {[%emt 0:00:32]} 54. Bb6 {[%emt 0:00:36]} Bg1 {[%emt 0:00:15]} 55. Bc7 {[%emt 0:01:04] Kxd4+} 0-1

[Event "20th Heraklion IT Open 2017"]
[Site "Heraklion"]
[Date "2017.04.18"]
[Round "3"]
[White "Antic, Dejan"]
[Black "Martorelli, Antonio"]
[Result "1/2-1/2"]
[WhiteElo "2472"]
[BlackElo "2220"]
[Annotator "TA"]
[PlyCount "83"]
[EventDate "2017.??.??"]
[EventType "swiss"]
[EventCountry "GRE"]
[SourceTitle "playchess.com"]
[Source "ChessBase"]
[SourceQuality "1"]

{[%evp 25,83,17,42,25,28,7,18,8,6,-56,0,0,0,0,23,-36,0,-12,14,10,14,16,30,0,0,0,0,0,37,25,1708,1589,1793,1689,1432,100,253,238,191,1,2,0,6,8,8,0,0,0,0,0,0,0,0,0,0,0,0,0,0,0]} 1. d4 Nf6 2. c4 g6 3. Nc3 Bg7 4. e4 d6 5. Nf3 O-O 6. Be2 Na6 7. O-O e5 8. Be3 Ng4 9. Bg5 Qe8 10. Re1 {E94: King's Indian: Classical: 6 Be2 e5 7 0-0: Various Black 7th moves} exd4 11. Nxd4 (11. Nd5 d3 12. Bxd3 c6 13. Ne7+ Kh8 14. Nxc8 Rxc8 15. h3 Ne5 16. Bf1 Nc5 17. Nd4 Ned3 18. Bxd3 Bxd4 {½-½ (36) Svane,R (2570)-Adhiban,B (2682) Moscow 2017}) 11... Qe5 12. Nf3 Qc5 13. Bh4 Ne5 {LiveBook: 4 Games} 14. Nxe5 Qxe5 15. Qc1 $146 (15. Rc1) 15... Be6 16. f4 Qa5 17. Kh1 (17. Bf2 $1 $11) 17... Bxc3 ({Better is} 17... Rae8 $15) 18. bxc3 $11 f5 $1 {[%cal Rf5e4]} (18... Nc5 $2 19. f5 $1 {[%mdl 512]} f6 20. fxe6 $18) 19. Bf3 Bxc4 20. e5 (20. Qd2 $11) 20... Nc5 {Hoping for ...Nd3.} 21. Qd2 {And now Bd5+ would win.} Qa6 22. Bd5+ Bxd5 $1 23. Qxd5+ Kg7 24. Bf6+ Rxf6 25. exf6+ Kxf6 26. g4 {White threatens g5+ and mate.} Ne4 27. Rab1 c6 $2 {[%mdl 8192] [#]} (27... Qc6 $11 28. g5+ Ke7) 28. Qd4+ $1 $18 (28. g5+ Kg7 29. Qe6 Kh8 $11) 28... Kf7 29. gxf5 gxf5 30. Rg1 $2 (30. Rxe4 $1 $18 {and the rest is easy.} fxe4 31. Qxe4 Qxa2 32. Qxh7+ Kf8 33. Qh6+ (33. Rxb7 Qd5+ 34. Kg1 Qg8+ 35. Kf2 Qxh7 36. Rxh7 Kg8 $11) 33... Ke8 34. Qh8+ Kd7 35. Rxb7+ Ke6 {[#]} 36. f5+ $1 {[%mdl 512]} Kxf5 37. Qh3+ (37. Qxa8 Qd5+ 38. Kg1 Qd1+ 39. Kf2 Qd2+ 40. Kg1 Qd1+ 41. Kg2 Qe2+ 42. Kg1 Qe1+ 43. Kg2 Qe2+ 44. Kg3 Qe1+ 45. Kf3 Qxc3+ 46. Ke2 Qc2+ 47. Ke3 Qc3+ 48. Kf2 Qd2+ 49. Kg1 Qe1+ 50. Kg2 Qd2+ 51. Kh3 Qh6+ 52. Kg3 Qf4+ 53. Kg2 Qd2+ 54. Kh3 Qh6+ 55. Kg3 Qf4+ 56. Kg2 Qd2+ $11) 37... Ke5 38. Qe3+ Kf6 39. Qf4+ Kg6 40. Qxd6+ Kf5 41. Qd3+ (41. Qxc6 Qa1+ 42. Kg2 Rg8+ 43. Kf2 Qg1+ 44. Ke2 Qxh2+ 45. Kd3 Rg3+ 46. Kc4 Qa2+ 47. Kb4 Qb2+ 48. Ka4 Qa1+ 49. Kb3 Qb1+ 50. Ka3 Rxc3+ 51. Qxc3 Qxb7 $11) 41... Kf6 42. Qf3+ Ke5 43. Re7+ (43. Qxc6 Qa1+ 44. Kg2 Rg8+ 45. Kf2 Qg1+ 46. Ke2 Rg2+ 47. Qxg2 Qxg2+ 48. Kd3 Qxb7 49. Ke2 Qe4+ 50. Kd2 a5 51. h4 Qxh4 52. Ke3 Qe4+ 53. Kd2 a4 54. c4 Kd4 55. c5 Qg2+ 56. Kc1 Kc3 57. Kd1 Qf1#) 43... Kd6 44. Qf6+ Kc5 45. Qd4+ Kb5 46. Qb4+ Ka6 47. Qb7+ Ka5 48. Qb4+ (48. Qxa8 Qd5+ 49. Kg1 Qg5+ 50. Kf2 Qf6+ 51. Kg3 Qxc3+ 52. Kg4 Qb4+ 53. Kf3 Qxe7 $11) 48... Ka6 49. Qb7+ Ka5 50. Qb4+ (50. Qxa8 Qd5+ 51. Kg1 Qg5+ 52. Kf2 Qf6+ 53. Kg3 Qxc3+ 54. Kg4 Qb4+ 55. Kf3 Qxe7 $11) 50... Ka6) 30... Qxa2 $2 ({But not} 30... Rg8 $2 31. Rxg8 Kxg8 32. Rg1+ Kf7 33. Qg7+ Ke6 34. Qg8+ (34. Qxh7 Nf2+ 35. Kg2 Qe2 36. Qg8+ Ke7 37. Qg7+ Ke6 38. Qg8+ Ke7 39. Qg5+ Ke6 40. Qg8+ $11) 34... Kf6 35. Qxh7 Nf2+ 36. Kg2 $18) (30... Ke6 $16) 31. Rxb7+ Ke6 32. Re1 $2 ({Don't do} 32. Rxh7 $6 Qd5 33. Rh6+ (33. Qe3 Kf6 34. Rh6+ Kf7 $14) 33... Nf6+ 34. Qxd5+ cxd5 $16) (32. Rgg7 $18 {[%csl Gb7][%cal Rg7e7]} Re8 33. Rxh7 Qa1+ 34. Kg2 Rg8+ 35. Rhg7 Qa2+ 36. Kh3 Rh8+ 37. Rh7 Nf2+ 38. Kh4 Rxh7+ 39. Rxh7) 32... Rg8 $11 {[%csl Gg8][%cal Ra2g2] The position is equal.} 33. Rxe4+ fxe4 34. Qxe4+ {[%mdl 4096] Endgame KQR-KQR} Kf6 $132 {[%mdl 2048] Black has counterplay (2)} 35. Qe7+ Kf5 {[%csl Gg8][%cal Ra2g2]} 36. Qxh7+ Kg4 {( -> ...Qd5+)} 37. Qd7+ Kf3 {[%csl Gf3,Gg8][%cal Ra2g2]} 38. Qh3+ Kf2 {[%csl Gf2][%cal Rg8g1]} 39. Qh4+ Kf3 {[%csl Gf3,Gg8][%cal Ra2g2]} 40. Qh3+ $1 Kf2 {[%csl Gf2][%cal Rg8g1]} 41. Qh4+ Kf3 {[%csl Gf3,Gg8][%cal Ra2g2]} (41... Kf1 $5 42. Qh3+ $8 Kf2 $11) 42. Qh3+ $1 1/2-1/2